000 00468 a2200157 4500
001 64065
020 _a8530804805
040 _cAnchieta - Pituba
100 _aCuéller, Javier Pérez de
240 1 0 _aNossa diversidade criadora
_lpor
245 1 0 _aNossa diversidade criadora
300 _a416
362 0 _a1997
650 4 _aCultura e instituições / Cultura popular / Antropologia cultural / História da cultura (Cultura hispano-americana, ...)
942 _cBK
999 _c64065
_d64065